000
003280000a22001570004500
001
000377
003
MACL
040
_a
MACL
090
_c
377
_d
377
100
_a
Devi, Mahasweta
245
_a
Bitter Soil
_c
Mahasweta Devi
260
_a
Seagull books,
_c
1998
350
_a
175
650
_a
English Fiction
942
_k
823
_c
Book
999
_c
49684
_d
49684